| 000 | 00525nam a2200169 i 4500 | ||
|---|---|---|---|
| 001 | 65267 | ||
| 003 | ES-MaACL | ||
| 007 | t| | ||
| 008 | 040112s1945 sp ||||1| spa d | ||
| 100 | 1 |
_aFreeman, G. Denis. _952424 |
|
| 245 | 1 | 3 |
_aLa ruta de Burdeos / _cpor G. Denis Freeman y Douglas Cooper ; traducción de Christine Merlant. |
| 260 |
_aBarcelona : _bHesperia, _c1945. |
||
| 300 |
_a324 p. ; _c22 cm. |
||
| 700 | 1 |
_aCooper, Douglas. _940385 |
|
| 700 | 1 |
_aMerlant, Christine. _980564 |
|
| 852 |
_aES-MaACL _jC-8506 _bR.22551 |
||
| 999 |
_c65267 _d65267 |
||